000
00266nam a22001337a 4500
003
SGT
082
_a
617.3
_b
E17P
100
_a
POOJA
245
_a
EFFECT OF RESISTANCE BAND
260
_a
SGTU
_c
2017
300
_a
70
650
_a
PHYSIOTHERAPY
942
_2
ddc
_c
TH
999
_c
20671
_d
20671